Mirando, pensando, creciendo: manual de filosofía para niños y niñas de 1 a 4 básicos

Tallennettuna:
Bibliografiset tiedot
Päätekijä: Forbes Figueroa, José (Tekijä)
Aineistotyyppi: Kirja
Kieli:espanja
Julkaistu: Santiago San Pablo 1995
Painos:1a. ed
Sarja:Colección Filosofía y Etica para Niños
Aiheet:
Tagit: Lisää tagi
Ei tageja, Lisää ensimmäinen tagi!

MARC

LEADER 00000nam a2200000 a 4500
001 UCH7059
003 CL-VaPUC
008 091109e19950000CL |||||||||||||||||spa|d
020 |a 9562562050 
082 0 4 |a 372.8  |b FOR  |2 21 
100 0 |a Forbes Figueroa, José  |e author  |9 543540 
245 1 0 |a Mirando, pensando, creciendo: manual de filosofía para niños y niñas de 1 a 4 básicos 
250 |a 1a. ed 
300 |a 154 p 
942 |c BK 
945 |d 20091109 00:00:00  |a ccalabra 
260 |a Santiago  |b San Pablo  |c 1995 
650 0 |a Filosofía de la educación   |9 258384 
650 0 |a Ética  |9 255099 
650 0 |a Educación básica   |9 224933 
583 |a last modification  |c 20121002 11:23:39  |k Rodrigo Vera 
490 0 |a Colección Filosofía y Etica para Niños 
999 |c 337808  |d 337806